zpět

Detail výsledku týmu

Suzie's, Brno

Datum a čas kvízu

20 Celkem bodů Celkový počet nahraných bodů na tomto kvízu bez doplňovacích otázek.
5. Pořadí na kvízu Konečné umístění týmu na tomto kvízu.

Zaznamenané odpovědi

# Otázka Odpověď Body Výsledky
1. Minulý týden byl představen ví... (český) lev 1
2. Prezident Paul Biya je v 92 le... D) Kamerun 0
3. Jeden zámek postavený původně... Neuschwanstein, Bavorsko 0
4. Novým majitelem zkrachovalé hu... Martin Pecina 1
5. Počátkem týdne řešila sportovn... liliputáni (lidé s achondroplázií) 1
6. Dávku černého humoru v sobě ma... Joseph Fiennes 0
7. „Tanec smrti“ je výtvarné téma... danse macabre 0
8. Pikové eso bývá nazýváno karto... 2003 (bod připisujeme za odpovědi 2002 až 2004) 1
9. Doplňte tři slova v názvu romá... si říká Engelchen 0
10. Napište čtyřpísmenné jméno hin... Kálí 0